A premontreiek gyásza

Informácie o úmrtí profesora košického premonštrátskeho gymnázia Lamberta Mosolygó, ktorý ako profesor pôsobil najprv v Rožňave a potom v Košiciach do roku 1912.

Podrobná bibliografia
Médium: Článok
Jazyk:Hungarian
Témy:
Zdroj: 1. Felsőmagyarország : Kassai Napló 1. Roč. 30, č. 41 (20.02.1914) s. 4
LEADER 01109nab#a2200349#ar4500
001 000077331
003 SVKKK
005 19960716xxxxxxx.
008 06 c xo huno
FMT
038 |a SVKKK 
040 |a SVKKK  |b slo  |e AACR2 
041 0 |a hun 
044 |a xo  |c SK 
080 |a 282(Abov):257(prem) 
080 |a 282(Abov):271(prem) 
080 |a 282(Gemer):257(prem) 
242 1 0 |a Smútok premonštrátov 
245 0 0 |a A premontreiek gyásza 
500 |a [Zd 75] 
520 2 |a Informácie o úmrtí profesora košického premonštrátskeho gymnázia Lamberta Mosolygó, ktorý ako profesor pôsobil najprv v Rožňave a potom v Košiciach do roku 1912. 
650 0 4 |a Premonštrátske gymnázium, Košice - Mosolygó, Lambert (profesor) - Košice - Rožňava - pôsobenie - úmrtie - február 1914 - informácie 
773 0 |t Felsőmagyarország : Kassai Napló  |g Roč. 30, č. 41 (20.02.1914) s. 4 
957 |a Košice 
957 |a Rožňava 
958 |a CI 
958 |a DG 
958 |a SK 
974 |a KKá  |d 19960716 
992 |a RBX 
BAS
998 |a RETRO